| 000 | 00758nas a2200217 4500 | ||
|---|---|---|---|
| 001 | BR6008866 | ||
| 003 | BR-BrBNA | ||
| 005 | 20231205082124.0 | ||
| 007 | ta | ||
| 008 | 230509b bl.|||p| |||| 00| 00por d | ||
| 040 |
_aBR-BrBNA _bpor _cBiblioteca Nacional de Agricultura |
||
| 041 | _a(En, Pt) | ||
| 072 | _aE30 | ||
| 110 | 1 |
_aCooperativa Central dos Produtores de Acucar e Alcool do Estado de Sao Paulo, Sao Paulo (Brasil) _92827 |
|
| 245 | 1 | _aEstrutura de assistencia tecnica da Copersucar as usinas cooperadas | |
| 650 | _aASSISTENCIA TECNICA | ||
| 650 | _aUSINA ACUCAREIRA | ||
| 773 | 0 |
_tBoletim Tecnico COPERSUCAR (Brazil) _xISSN 0100-2996 _g(Sep 1977), (no. 5) p. 5-6 _wBR6008866 |
|
| 909 |
_a202311 _bLúcia _c55 _dLúcia Elande |
||
| 942 |
_2AGRIS _n0 _cANA |
||
| 999 |
_c89305 _d89305 |
||